[Event "FIDE World Senior Team Championship 2020"]
[Site "Olympik hotel, Sokolovska 138,"]
[Date "2020.03.09"]
[Round "4.16"]
[White "Ruzicka, Tomas"]
[Black "Tahkavuori, Tapani"]
[Result "1/2-1/2"]
[WhiteElo "1748"]
[BlackElo "2064"]
[PlyCount "35"]
[EventDate "2020.03.06"]
[WhiteTeam "CZE13"]
[BlackTeam "FIN"]

1. e4 d5 2. e5 c5 3. f4 Nc6 4. Nf3 d4 5. d3 e6 6. Be2 Nge7 7. Nbd2 Nd5 8. Ne4
Be7 9. O-O O-O 10. a3 b6 11. Qe1 f5 12. exf6 Bxf6 13. Qg3 Nce7 14. Nxf6+ Rxf6
15. Nh4 Nf5 16. Nxf5 exf5 17. Bf3 Rg6 18. Qf2 1/2-1/2

[Event "FIDE World Senior Team Championship 2020"]
[Site "Olympik hotel, Sokolovska 138,"]
[Date "2020.03.09"]
[Round "4.17"]
[White "Priedite, Ingrida"]
[Black "Schweitzer, Andreas"]
[Result "0-1"]
[WhiteElo "2038"]
[BlackElo "2290"]
[PlyCount "133"]
[EventDate "2020.03.06"]
[WhiteTeam "LAT"]
[BlackTeam "GER2"]

1. c4 c6 2. b3 d5 3. Bb2 Bg4 4. g3 Nd7 5. Bg2 Ngf6 6. Nf3 e6 7. O-O Bd6 8. d3
O-O 9. Nbd2 Re8 10. h3 Bh5 11. Rc1 a5 12. a4 h6 13. Qc2 Bb4 14. e4 dxe4 15.
Nxe4 Nxe4 16. dxe4 e5 17. Rcd1 Qc7 18. g4 Bg6 19. Nh4 Nf8 20. Nf5 Ne6 21. Kh1
f6 22. Bc1 Rad8 23. Be3 Bc5 24. Bf3 Bxe3 25. fxe3 Nc5 26. Be2 Bf7 27. Kg2 Be6
28. Rxd8 Rxd8 29. Rd1 Rxd1 30. Bxd1 Qd7 31. Kf3 g6 32. Ng3 h5 33. gxh5 Bxh3 34.
Kf2 g5 35. Be2 Kg7 36. Qd1 Qxd1 37. Bxd1 Be6 38. Ke1 Kh6 39. Kd2 g4 40. Kc3 Na6
41. Kd2 Kg5 42. Ke1 Nc5 43. Kf2 Bf7 44. h6 Kxh6 45. Bxg4 Nxb3 46. Bc8 Nc5 47.
Nf5+ Kg6 48. Nd6 b6 49. Ke2 Nxa4 50. Bd7 Nb2 51. Bxc6 a4 52. Kd2 Nxc4+ 53. Nxc4
Bxc4 54. Bxa4 Kg5 55. Bd7 Kh4 56. Kc3 Ba6 57. Bc6 Kg3 58. Bd5 Kf3 59. Kd2 Bb5
60. Bb7 Be8 61. Bd5 Bg6 62. Kd3 b5 63. Bc6 b4 64. Bd5 Bh7 65. Kc4 Bxe4 66. Bf7
Kxe3 67. Kxb4 0-1

[Event "FIDE World Senior Team Championship 2020"]
[Site "Olympik hotel, Sokolovska 138,"]
[Date "2020.03.09"]
[Round "4.17"]
[White "Titscher, Libor"]
[Black "Ungure, Liga"]
[Result "1/2-1/2"]
[WhiteElo "2153"]
[BlackElo "1923"]
[PlyCount "35"]
[EventDate "2020.03.06"]
[WhiteTeam "GER2"]
[BlackTeam "LAT"]

1. c4 c5 2. Nc3 Nc6 3. g3 g6 4. Bg2 Bg7 5. Nf3 d6 6. O-O e6 7. e4 Nge7 8. d3
O-O 9. Be3 Nd4 10. Qd2 Nec6 11. Bh6 a6 12. Bxg7 Kxg7 13. Nxd4 Nxd4 14. f4 f5
15. Rae1 Rb8 16. e5 b5 17. exd6 Qxd6 18. Qf2 1/2-1/2

[Event "FIDE World Senior Team Championship 2020"]
[Site "Olympik hotel, Sokolovska 138,"]
[Date "2020.03.09"]
[Round "4.17"]
[White "Goldmane, Astra"]
[Black "Schulenburg, Bernd"]
[Result "0-1"]
[WhiteElo "2015"]
[BlackElo "2175"]
[PlyCount "52"]
[EventDate "2020.03.06"]
[WhiteTeam "LAT"]
[BlackTeam "GER2"]

1. e4 e5 2. Nf3 Nc6 3. Bc4 Bc5 4. c3 Nf6 5. d4 exd4 6. e5 d5 7. Be2 Ne4 8. cxd4
Bb4+ 9. Bd2 Nxd2 10. Nbxd2 O-O 11. O-O Bf5 12. a3 Bxd2 13. Qxd2 a5 14. b3 Qe7
15. Bb5 Nd8 16. Bd3 Bxd3 17. Qxd3 Ra6 18. Qb5 c6 19. Qd3 Ne6 20. Qd2 h6 21. Ne1
Rb6 22. f4 f5 23. Qxa5 Rxb3 24. Qa4 Rc3 25. Rb1 b5 26. Rb4 bxa4 0-1

[Event "FIDE World Senior Team Championship 2020"]
[Site "Olympik hotel, Sokolovska 138,"]
[Date "2020.03.09"]
[Round "4.19"]
[White "Fraser-Mitchell, Jeremy N"]
[Black "Vorackova, Jarmila"]
[Result "1/2-1/2"]
[WhiteElo "2059"]
[BlackElo "1824"]
[PlyCount "32"]
[EventDate "2020.03.06"]
[WhiteTeam "ENG2"]
[BlackTeam "CZEW2"]

1. d4 d5 2. c4 e6 3. Nc3 Nf6 4. Bg5 Be7 5. cxd5 Nxd5 6. Bxe7 Nxe7 7. Nf3 O-O 8.
e3 b6 9. Bd3 Bb7 10. O-O Nd7 11. Qe2 c5 12. Rfd1 Bxf3 13. Qxf3 cxd4 14. exd4
Nf6 15. Rac1 Rc8 16. h3 Ned5 1/2-1/2

[Event "FIDE World Senior Team Championship 2020"]
[Site "Olympik hotel, Sokolovska 138,"]
[Date "2020.03.09"]
[Round "4.19"]
[White "Gallinnisova, Vaclava"]
[Black "White, Nigel"]
[Result "1/2-1/2"]
[WhiteElo "2027"]
[BlackElo "2001"]
[PlyCount "33"]
[EventDate "2020.03.06"]
[WhiteTeam "CZEW2"]
[BlackTeam "ENG2"]

1. e4 c5 2. d4 cxd4 3. c3 dxc3 4. Nxc3 Nc6 5. Bc4 d6 6. h3 Nf6 7. Nf3 e6 8. O-O
Be7 9. Qe2 a6 10. Rd1 Qc7 11. Bg5 h6 12. Bf4 Ne5 13. Bb3 O-O 14. Rac1 Qb8 15.
Nd4 Bd7 16. Be3 Rd8 17. f4 1/2-1/2

[Event "FIDE World Senior Team Championship 2020"]
[Site "Olympik hotel, Sokolovska 138,"]
[Date "2020.03.09"]
[Round "4.19"]
[White "Thurstan, Tim M"]
[Black "Havlickova, Lenka"]
[Result "1-0"]
[WhiteElo "1987"]
[BlackElo "1895"]
[PlyCount "49"]
[EventDate "2020.03.06"]
[WhiteTeam "ENG2"]
[BlackTeam "CZEW2"]

1. f4 d5 2. Nf3 Nf6 3. g3 c6 4. Bg2 h6 5. d3 Bf5 6. O-O e6 7. e3 Nbd7 8. Nc3
Bc5 9. Qe2 O-O 10. Kh1 Qc7 11. e4 Bg6 12. e5 Ne8 13. Bd2 Nb6 14. Nh4 Bh7 15. f5
exf5 16. Nxf5 Kh8 17. d4 Bb4 18. Rae1 Nc4 19. Nxd5 Qd7 20. Bxb4 cxd5 21. Bxf8
Bxf5 22. b3 Nc7 23. bxc4 Rxf8 24. cxd5 Nxd5 25. Rxf5 1-0

[Event "FIDE World Senior Team Championship 2020"]
[Site "Olympik hotel, Sokolovska 138,"]
[Date "2020.03.09"]
[Round "4.20"]
[White "Ortoft, Kai"]
[Black "Schlag, Andreas"]
[Result "0-1"]
[WhiteElo "1972"]
[BlackElo "2057"]
[PlyCount "90"]
[EventDate "2020.03.06"]
[WhiteTeam "NOR1"]
[BlackTeam "GER7"]

1. d4 f5 2. Nf3 Nf6 3. g3 e6 4. Bg2 Be7 5. O-O O-O 6. c4 c6 7. b3 d5 8. Ba3
Bxa3 9. Nxa3 Qe7 10. Nb1 a5 11. Qc2 Bd7 12. Nbd2 Rd8 13. Ne5 Be8 14. e3 Nbd7
15. Ndf3 Ra7 16. Nd3 Bg6 17. Nfe5 Bh5 18. a3 Nxe5 19. Nxe5 Ra6 20. Rfc1 Be8 21.
Qb2 Rb6 22. c5 Ra6 23. b4 Ne4 24. Bf1 Ra7 25. Rcb1 h5 26. Bd3 h4 27. f3 Ng5 28.
Qg2 hxg3 29. Qxg3 axb4 30. axb4 Rda8 31. Rxa7 Rxa7 32. Kh1 Nh7 33. b5 Ra3 34.
bxc6 bxc6 35. e4 fxe4 36. fxe4 dxe4 37. Qe1 exd3 38. Qb4 Ra8 39. Qc4 d2 40. Rd1
Ng5 41. Rxd2 Ra1+ 42. Kg2 Ne4 43. Rd3 Qg5+ 44. Rg3 Nxg3 45. Qxe6+ Kh7 0-1

[Event "FIDE World Senior Team Championship 2020"]
[Site "Olympik hotel, Sokolovska 138,"]
[Date "2020.03.09"]
[Round "4.20"]
[White "Mikolajewski, Armin"]
[Black "Hermansen, Henning W."]
[Result "1-0"]
[WhiteElo "1993"]
[BlackElo "1921"]
[PlyCount "61"]
[EventDate "2020.03.06"]
[WhiteTeam "GER7"]
[BlackTeam "NOR1"]

1. d4 d5 2. Nf3 Nf6 3. c4 e6 4. Nc3 Be7 5. Bg5 O-O 6. e3 h6 7. Bh4 Ne4 8. Bxe7
Qxe7 9. Qc2 Nxc3 10. Qxc3 c6 11. Rc1 Nd7 12. Bd3 Re8 13. O-O a5 14. Bb1 dxc4
15. Qxc4 e5 16. Qc2 g6 17. a3 exd4 18. Ba2 Kg7 19. exd4 Qd6 20. Rce1 Rxe1 21.
Rxe1 Nf6 22. Qc5 Qxc5 23. dxc5 Nd5 24. Bxd5 cxd5 25. Re7 Rb8 26. Nd4 Kf6 27.
Re8 h5 28. f3 b6 29. c6 Ra8 30. c7 g5 31. Nb5 1-0

[Event "FIDE World Senior Team Championship 2020"]
[Site "Olympik hotel, Sokolovska 138,"]
[Date "2020.03.09"]
[Round "4.20"]
[White "Jenssen, Ove S"]
[Black "Wendling, Jens"]
[Result "1/2-1/2"]
[WhiteElo "1812"]
[BlackElo "1908"]
[PlyCount "70"]
[EventDate "2020.03.06"]
[WhiteTeam "NOR1"]
[BlackTeam "GER7"]

1. e4 d5 2. exd5 Qxd5 3. Nc3 Qd8 4. d4 Nf6 5. Bc4 a6 6. a4 e6 7. Bg5 h6 8. Bh4
Nbd7 9. Nf3 Be7 10. Qe2 Nb6 11. Bb3 O-O 12. O-O c6 13. Rad1 Re8 14. Rfe1 Bd7
15. Rd3 Nfd5 16. Bg3 Bb4 17. Ne5 a5 18. Qh5 Rf8 19. Re2 Nxc3 20. bxc3 Be7 21.
Bf4 Bg5 22. Bxg5 Qxg5 23. Qxg5 hxg5 24. Nxd7 Nxd7 25. Rg3 g6 26. Rxg5 Kg7 27.
Re3 b6 28. c4 c5 29. d5 f6 30. Rgg3 e5 31. c3 f5 32. Bc2 Rae8 33. h4 Kf6 34.
Rh3 Rh8 35. f3 Re7 1/2-1/2

[Event "FIDE World Senior Team Championship 2020"]
[Site "Olympik hotel, Sokolovska 138,"]
[Date "2020.03.09"]
[Round "4.20"]
[White "Hauke, Hans"]
[Black "Bjorgvik, Jan Arne"]
[Result "1/2-1/2"]
[WhiteElo "1688"]
[BlackElo "1733"]
[PlyCount "51"]
[EventDate "2020.03.06"]
[WhiteTeam "GER7"]
[BlackTeam "NOR1"]

1. e4 d5 2. exd5 Qxd5 3. Nc3 Qd8 4. d4 e6 5. Nf3 Nf6 6. Be2 Be7 7. O-O h6 8.
Ne5 O-O 9. Be3 c6 10. Qd3 Nd5 11. Nxd5 exd5 12. f4 Nd7 13. h3 Bf6 14. Rae1 Bh4
15. Bf2 Bxf2+ 16. Rxf2 Nf6 17. Bf3 Nd7 18. Kh2 Qh4 19. Qd2 Qf6 20. Bg4 Nxe5 21.
fxe5 Qe7 22. Bf5 Be6 23. Rf3 Bxf5 24. Rxf5 Qe6 25. Ref1 Qg6 26. Qf4 1/2-1/2

[Event "FIDE World Senior Team Championship 2020"]
[Site "Olympik hotel, Sokolovska 138,"]
[Date "2020.03.09"]
[Round "4.21"]
[White "Feierfeil, Jiri"]
[Black "Pauch, Jan"]
[Result "1/2-1/2"]
[WhiteElo "1721"]
[BlackElo "2004"]
[PlyCount "132"]
[EventDate "2020.03.06"]
[WhiteTeam "CZE16"]
[BlackTeam "CZE10"]

1. d4 Nf6 2. c4 e6 3. Nc3 c5 4. d5 exd5 5. cxd5 d6 6. e4 g6 7. Bd3 Bg7 8. h3
O-O 9. Nge2 a6 10. a4 Re8 11. O-O c4 12. Bc2 Nbd7 13. Be3 Qc7 14. Qd2 Nc5 15.
Ng3 b6 16. Bd4 Rb8 17. f4 Ncd7 18. Rfe1 Bb7 19. Qf2 Ba8 20. Nf1 Nh5 21. Bxg7
Kxg7 22. g4 Nhf6 23. Kh2 Qc5 24. Qd2 h6 25. Ng3 Re7 26. Bd1 Rbe8 27. Bf3 Nh7
28. h4 Rb8 29. Nce2 Qf2+ 30. Bg2 Nhf6 31. Qc3 Kh7 32. Rf1 Qc5 33. Bf3 Rbe8 34.
Qc2 Kh8 35. g5 hxg5 36. hxg5 Nh7 37. Qc3+ Kg8 38. Kg2 Ne5 39. fxe5 Rxe5 40. Rh1
Nxg5 41. Rh6 Kf8 42. Rh8+ Ke7 43. Rxe8+ Kxe8 44. Rh1 Ke7 45. Rh8 Bb7 46. Nd4
Kf6 47. Nc2 Bc8 48. Ne3 Kg7 49. Rh4 b5 50. axb5 axb5 51. Nc2 f6 52. Rh1 Nf7 53.
Qd4 Qc7 54. Ne3 Rg5 55. Kf2 Qd7 56. Rh4 Ne5 57. Be2 Qc7 58. Rh1 Qd7 59. Rh4 Qc7
60. Ng2 Bd7 61. Ne1 Bg4 62. Nf3 Bxf3 63. Bxf3 Nd3+ 64. Kg2 Ne1+ 65. Kf2 Nd3+
66. Kg2 Ne1+ 1/2-1/2

[Event "FIDE World Senior Team Championship 2020"]
[Site "Olympik hotel, Sokolovska 138,"]
[Date "2020.03.09"]
[Round "4.21"]
[White "Korenek, Frantisek"]
[Black "Kleprlik, Jan"]
[Result "1/2-1/2"]
[WhiteElo "1952"]
[BlackElo "1545"]
[PlyCount "39"]
[EventDate "2020.03.06"]
[WhiteTeam "CZE10"]
[BlackTeam "CZE16"]

{[%evp 0,39,16,28,25,18,24,15,27,-8,-4,0,24,40,43,-3,44,45,35,35,20,-1,30,68,
49,2,64,23,44,6,3,9,41,24,37,48,75,17,35,24,28,43]} 1. e4 e5 2. Nf3 Nc6 3. Bb5
a6 4. Ba4 Bc5 5. O-O b5 6. Bb3 Nf6 7. c3 d6 8. d4 exd4 9. cxd4 Bb6 10. h3 h6
11. Nc3 Bb7 12. Nd5 Ba7 13. Re1 O-O 14. Nc3 Na5 15. Bc2 Nc6 16. a3 Na5 17. b3
Nc6 18. Ne2 Ne7 19. Ng3 Ng6 20. Bb2 {unreadable} 1/2-1/2

[Event "FIDE World Senior Team Championship 2020"]
[Site "Olympik hotel, Sokolovska 138,"]
[Date "2020.03.09"]
[Round "4.21"]
[White "Levinsky, Ladislav"]
[Black "Hejda, Antonin"]
[Result "1-0"]
[WhiteElo "1477"]
[BlackElo "1907"]
[PlyCount "101"]
[EventDate "2020.03.06"]
[WhiteTeam "CZE16"]
[BlackTeam "CZE10"]

1. Nf3 Nf6 2. d4 d5 3. Bf4 Nh5 4. Bg3 Nxg3 5. hxg3 Nc6 6. e3 e6 7. c3 Bd6 8.
Bd3 h6 9. Qc2 e5 10. dxe5 Nxe5 11. Nxe5 Bxe5 12. Nd2 c6 13. Bf5 Bd7 14. g4 Qe7
15. Nf3 O-O-O 16. Bxd7+ Rxd7 17. Nxe5 Qxe5 18. O-O-O g6 19. Qa4 b6 20. Qxc6+
Qc7 21. Qxc7+ Kxc7 22. Rd4 Kc6 23. Kc2 Re7 24. Rhd1 Re5 25. Kd3 f5 26. Ke2 fxg4
27. Rxg4 g5 28. c4 dxc4 29. Rxc4+ Kb5 30. Rc7 Rc5 31. Rxa7 g4 32. Rad7 h5 33.
R7d5 h4 34. Rxc5+ bxc5 35. Rc1 Ra8 36. a3 h3 37. gxh3 gxh3 38. Rh1 Rh8 39. b3
Ra8 40. Rxh3 Rxa3 41. e4 Kb4 42. Rh8 Ra2+ 43. Kd3 Rxf2 44. Rb8+ Ka3 45. Kc3
Rf3+ 46. Kc4 Re3 47. Kd5 Re1 48. e5 Kb2 49. e6 Re3 50. Kd6 Re4 51. e7 1-0

[Event "FIDE World Senior Team Championship 2020"]
[Site "Olympik hotel, Sokolovska 138,"]
[Date "2020.03.09"]
[Round "4.21"]
[White "Musil, Martin"]
[Black "Tomanek, Karel"]
[Result "1-0"]
[WhiteElo "1937"]
[BlackElo "1379"]
[PlyCount "113"]
[EventDate "2020.03.06"]
[WhiteTeam "CZE10"]
[BlackTeam "CZE16"]

1. e4 e6 2. d4 d6 3. Nf3 b6 4. c4 Bb7 5. Nc3 Nf6 6. Bd3 Nbd7 7. O-O Be7 8. Qc2
e5 9. d5 Nc5 10. Be2 O-O 11. h3 h6 12. Be3 Nh5 13. Nxe5 dxe5 14. Bxh5 Ba6 15.
Be2 Bc8 16. f4 f6 17. f5 Bd7 18. Rf3 Kh7 19. Rg3 Be8 20. Qd2 Bf7 21. Bf3 a6 22.
Nd1 Rg8 23. Nf2 Nb7 24. Nd3 Qf8 25. Rc1 Nc5 26. Nxc5 Bxc5 27. a3 Rd8 28. b4
Bxe3+ 29. Qxe3 g5 30. Be2 Rb8 31. Qd2 Rd8 32. Qc2 Be8 33. c5 b5 34. c6 Qd6 35.
Rc3 Rg7 36. Rc5 Rb8 37. a4 h5 38. axb5 axb5 39. Bxb5 Rb6 40. Qc3 Bf7 41. Ra1
Rg8 42. Ba6 Rbb8 43. Bb7 h4 44. Rb1 g4 45. Qe1 g3 46. Qe3 Rg5 47. b5 Rgg8 48.
b6 Rgd8 49. bxc7 Qxc7 50. Qb3 Rd6 51. Qb6 Qxb6 52. Rxb6 Rg8 53. Ra6 Rb8 54. Ra8
Rxa8 55. Bxa8 Bh5 56. c7 Rb6 57. c8=Q 1-0

[Event "FIDE World Senior Team Championship 2020"]
[Site "Olympik hotel, Sokolovska 138,"]
[Date "2020.03.09"]
[Round "4.22"]
[White "Schulz, Petra"]
[Black "Chin, Francis Choy Wan"]
[Result "0-1"]
[WhiteElo "2027"]
[BlackElo "1870"]
[PlyCount "84"]
[EventDate "2020.03.06"]
[WhiteTeam "GERW2"]
[BlackTeam "MAS"]

1. e4 e6 2. d4 d5 3. e5 c5 4. c3 Nc6 5. Nf3 Qb6 6. a3 Bd7 7. b4 cxd4 8. cxd4
Rc8 9. Be3 Nh6 10. Be2 Nf5 11. O-O g6 12. Qd2 h5 13. Rd1 Nxe3 14. Qxe3 Bh6 15.
Qd3 O-O 16. Nc3 Ne7 17. b5 Qa5 18. Nb1 Nf5 19. g3 Rc7 20. h3 a6 21. bxa6 Ba4
22. Rf1 Bc2 23. Qb5 Qxb5 24. Bxb5 bxa6 25. Bxa6 Be4 26. Nfd2 Nxd4 27. Nxe4 dxe4
28. Rd1 Nf3+ 29. Kf1 Rc2 30. Bb7 e3 31. Bxf3 Rxf2+ 32. Ke1 Rxf3 33. Nc3 Rxg3
34. Ne4 Rxh3 35. a4 Rb8 36. Ke2 Bf4 37. Rab1 Rh2+ 38. Kf3 Rxb1 39. Rxb1 Bxe5
40. Kxe3 Ra2 41. Rb4 Ra3+ 42. Kf2 Kg7 0-1

[Event "FIDE World Senior Team Championship 2020"]
[Site "Olympik hotel, Sokolovska 138,"]
[Date "2020.03.09"]
[Round "4.22"]
[White "Muzzaffar, Ahmad"]
[Black "Arnhold, Kerstin"]
[Result "1/2-1/2"]
[WhiteElo "1815"]
[BlackElo "1979"]
[PlyCount "62"]
[EventDate "2020.03.06"]
[WhiteTeam "MAS"]
[BlackTeam "GERW2"]

1. e4 c5 2. d4 cxd4 3. c3 d3 4. Bxd3 Nc6 5. c4 d6 6. h3 g6 7. Nf3 Bg7 8. O-O
Nf6 9. Nc3 O-O 10. Be3 Nd7 11. Rc1 b6 12. a3 a5 13. Qd2 Nc5 14. Bc2 Ba6 15. b3
Rc8 16. Rfd1 Rb8 17. Rb1 Nd7 18. Nd5 a4 19. b4 Bxc4 20. Bxa4 b5 21. Rbc1 Nce5
22. Nxe5 Nxe5 23. Bc2 Ra8 24. Bb6 Qb8 25. Bd4 Bxd5 26. Bxe5 Bxe5 27. Qxd5 Rxa3
28. Bd3 Qa7 29. Bxb5 Rb8 30. Bc4 e6 31. Qc6 Qb7 1/2-1/2

[Event "FIDE World Senior Team Championship 2020"]
[Site "Olympik hotel, Sokolovska 138,"]
[Date "2020.03.09"]
[Round "4.23"]
[White "Schutte, Andre"]
[Black "Jahn, Constanze"]
[Result "1/2-1/2"]
[WhiteElo "1827"]
[BlackElo "2048"]
[PlyCount "44"]
[EventDate "2020.03.06"]
[WhiteTeam "RSA"]
[BlackTeam "GERW1"]

1. e4 c5 2. Nf3 a6 3. d4 cxd4 4. Nxd4 Nc6 5. Nxc6 bxc6 6. Bc4 Nf6 7. Nc3 e5 8.
O-O Bc5 9. Qe2 O-O 10. Bg5 h6 11. Bh4 Bd4 12. Rab1 g5 13. Bg3 d6 14. Kh1 a5 15.
f3 Nh5 16. Bf2 Nf4 17. Qd2 d5 18. Bd3 Nxd3 19. cxd3 Bxf2 20. Rxf2 d4 21. Na4
Ba6 22. Nc5 Bb5 1/2-1/2

[Event "FIDE World Senior Team Championship 2020"]
[Site "Olympik hotel, Sokolovska 138,"]
[Date "2020.03.09"]
[Round "4.23"]
[White "Wolf, Sylvia"]
[Black "Southey, Andrew M"]
[Result "1-0"]
[WhiteElo "2035"]
[BlackElo "1781"]
[PlyCount "50"]
[EventDate "2020.03.06"]
[WhiteTeam "GERW1"]
[BlackTeam "RSA"]

1. e4 g6 2. d4 Bg7 3. Nc3 d6 4. f4 a6 5. Nf3 b5 6. a4 b4 7. Na2 a5 8. Bd3 Bb7
9. O-O e6 10. c3 c5 11. Bb5+ Bc6 12. Bxc6+ Nxc6 13. d5 Nce7 14. dxe6 fxe6 15.
Ng5 Qd7 16. cxb4 cxb4 17. Qg4 O-O-O 18. Qe2 Nc6 19. Be3 h6 20. Rac1 Nge7 21.
Nf7 Kb8 22. Rfd1 Rhf8 23. Rxd6 Nd4 24. Qa6 Qb7 25. Rb6 Rd7 1-0

[Event "FIDE World Senior Team Championship 2020"]
[Site "Olympik hotel, Sokolovska 138,"]
[Date "2020.03.09"]
[Round "4.23"]
[White "Ohlson, Cecil"]
[Black "Skibbe, Diana"]
[Result "0-1"]
[WhiteElo "1643"]
[BlackElo "2008"]
[PlyCount "88"]
[EventDate "2020.03.06"]
[WhiteTeam "RSA"]
[BlackTeam "GERW1"]

1. e4 e5 2. Bc4 Nf6 3. d4 exd4 4. Nf3 Nc6 5. e5 d5 6. Bb5 Ne4 7. Nxd4 Bd7 8.
Bxc6 bxc6 9. O-O Bc5 10. f3 Ng5 11. f4 Ne4 12. Be3 Bb6 13. c3 Qe7 14. Nd2 c5
15. Nc2 Nxd2 16. Qxd2 Bc6 17. Qf2 a5 18. Qg3 O-O-O 19. Rfd1 f6 20. exf6 gxf6
21. b4 axb4 22. cxb4 d4 23. bxc5 Rhg8 24. Qh3+ Kb7 25. Ne1 Qxc5 26. Bf2 Qd5 27.
Rd3 Qe4 28. Qf3 Qf5 29. Qd1 Qxf4 30. Bg3 Qf5 31. Nf3 Be4 32. Nh4 Qd5 33. Rd2
d3+ 34. Kh1 Ra8 35. a4 Ra5 36. Qf1 f5 37. Rb2 Rga8 38. Qf4 Qd7 39. Nxf5 Bxf5
40. Rc1 Rc8 41. Rc4 Ka7 42. Rcb4 Qc6 43. Rb5 Be4 44. Be1 Rxa4 0-1

[Event "FIDE World Senior Team Championship 2020"]
[Site "Olympik hotel, Sokolovska 138,"]
[Date "2020.03.09"]
[Round "4.23"]
[White "Jeske, Kirsten"]
[Black "Van Schaik, Michael"]
[Result "1-0"]
[WhiteElo "1953"]
[BlackElo "1537"]
[PlyCount "109"]
[EventDate "2020.03.06"]
[WhiteTeam "GERW1"]
[BlackTeam "RSA"]

1. e4 c5 2. Nf3 d6 3. d4 cxd4 4. Nxd4 Nf6 5. Nc3 a6 6. Be2 e5 7. Nb3 Be7 8. Be3
Be6 9. Bf3 Nbd7 10. O-O b5 11. a3 O-O 12. Nc1 Nb6 13. Nd3 Nc4 14. Bc1 Rc8 15.
Nb4 Nb6 16. Nxa6 d5 17. Nb4 d4 18. Nb1 Qc7 19. Nd3 Rfd8 20. Bd2 Nbd7 21. Bb4
Bxb4 22. Nxb4 Nc5 23. Nd2 Na4 24. Rb1 Nb6 25. Re1 Nc4 26. h3 Nd7 27. Nf1 Nf8
28. Bg4 Ng6 29. Bxe6 fxe6 30. Qg4 Qe7 31. Nd3 Rf8 32. Qe2 Rf6 33. Nh2 Nf4 34.
Nxf4 exf4 35. Ng4 Rg6 36. Red1 e5 37. Kh1 Rf8 38. Qf3 h5 39. Nh2 Qg5 40. Nf1
Rc6 41. Nd2 Rfc8 42. Qb3 Rg6 43. Rg1 Qh4 44. Rbf1 Kh7 45. Nf3 Qe7 46. h4 Rg4
47. g3 fxg3 48. Rxg3 Nd6 49. Ng5+ Kh8 50. Rxg4 hxg4 51. Qg3 Nf7 52. Qxg4 Rxc2
53. f4 Nxg5 54. fxg5 Qc5 55. g6 1-0

[Event "FIDE World Senior Team Championship 2020"]
[Site "Olympik hotel, Sokolovska 138,"]
[Date "2020.03.09"]
[Round "4.24"]
[White "Nuernberger, Thomas"]
[Black "Berg, Anders Hoyer"]
[Result "0-1"]
[WhiteElo "2020"]
[BlackElo "2036"]
[PlyCount "50"]
[EventDate "2020.03.06"]
[WhiteTeam "GER8"]
[BlackTeam "NOR2"]

1. c4 Nf6 2. Nc3 e6 3. e4 d5 4. e5 d4 5. exf6 dxc3 6. fxg7 cxd2+ 7. Bxd2 Bxg7
8. Qc2 Qe7 9. Nf3 Bd7 10. Bd3 h6 11. O-O Bc6 12. Be4 Bxe4 13. Qxe4 Nc6 14. Rad1
O-O-O 15. b4 Rhg8 16. b5 f5 17. Qe2 Nd4 18. Nxd4 Bxd4 19. Bxh6 e5 20. Be3 Qg7
21. g3 Rh8 22. Bxd4 Qh7 23. h4 Qxh4 24. Kg2 Qh3+ 25. Kf3 Qg4+ 0-1

[Event "FIDE World Senior Team Championship 2020"]
[Site "Olympik hotel, Sokolovska 138,"]
[Date "2020.03.09"]
[Round "4.24"]
[White "Johnsen, Sylvia"]
[Black "Fuchs, Joachim"]
[Result "1-0"]
[WhiteElo "1853"]
[BlackElo "1970"]
[PlyCount "32"]
[EventDate "2020.03.06"]
[WhiteTeam "NOR2"]
[BlackTeam "GER8"]

1. e4 Nc6 2. Nf3 d5 3. exd5 Qxd5 4. d4 Bg4 5. Be2 O-O-O 6. Nc3 Qd7 7. d5 Bxf3
8. Bxf3 Ne5 9. Be3 e6 10. dxe6 Qxd1+ 11. Bxd1 fxe6 12. Be2 a6 13. f4 Nc6 14.
Bg4 Re8 15. O-O-O Nh6 16. Bh3 Bb4 {unreadable} 1-0

[Event "FIDE World Senior Team Championship 2020"]
[Site "Olympik hotel, Sokolovska 138,"]
[Date "2020.03.09"]
[Round "4.24"]
[White "Madalinski, Rainer"]
[Black "Harstad, Christian"]
[Result "0-1"]
[WhiteElo "1796"]
[BlackElo "1854"]
[PlyCount "114"]
[EventDate "2020.03.06"]
[WhiteTeam "GER8"]
[BlackTeam "NOR2"]

1. e4 c5 2. Nf3 d6 3. d4 cxd4 4. Nxd4 Nf6 5. Nc3 g6 6. Be3 Bg7 7. Qd2 Ng4 8. h3
Nxe3 9. Qxe3 O-O 10. Bd3 Nc6 11. Nde2 Bd7 12. O-O Rc8 13. Nd1 a5 14. c3 Ne5 15.
Nf4 e6 16. Be2 b5 17. Rb1 Qc7 18. b3 Bc6 19. Kh1 Qb7 20. f3 Bh6 21. g3 Rfe8 22.
Nf2 d5 23. Qd4 Bg7 24. Qe3 dxe4 25. Nxe4 Bxe4 26. Qxe4 Qxe4 27. fxe4 Rxc3 28.
Bxb5 Rb8 29. Ba4 Rxg3 30. Rf2 Rc3 31. Rd1 Bf8 32. Kg2 Be7 33. Ne2 Rc2 34. Nd4
Rxf2+ 35. Kxf2 Bc5 36. Ke2 Rb4 37. Ke3 g5 38. a3 Rb8 39. Ke2 Bxa3 40. Nf3 Nxf3
41. Kxf3 Rb7 42. Rg1 h6 43. Rd1 Kg7 44. Rd3 Rc7 45. Kg3 Bb4 46. Kg4 Kg6 47. Kg3
f5 48. Be8+ Kf6 49. exf5 exf5 50. Kf3 Re7 51. Re3 g4+ 52. hxg4 fxg4+ 53. Ke2
Rc7 54. Rg3 Rc2+ 55. Kf1 Ke5 56. Rd3 Rc1+ 57. Kg2 Ke4 0-1

[Event "FIDE World Senior Team Championship 2020"]
[Site "Olympik hotel, Sokolovska 138,"]
[Date "2020.03.09"]
[Round "4.26"]
[White "Robertson, Ian C"]
[Black "Grosselohmann, Gerhard"]
[Result "1-0"]
[WhiteElo "2107"]
[BlackElo "1965"]
[PlyCount "73"]
[EventDate "2020.03.06"]
[WhiteTeam "SCO2"]
[BlackTeam "GER9"]

1. e4 c5 2. Nf3 d6 3. Nc3 Nc6 4. d4 cxd4 5. Nxd4 g6 6. Be3 Bg7 7. Be2 Bd7 8.
Qd2 Nf6 9. O-O-O Rc8 10. f4 a6 11. Bf3 Na5 12. e5 dxe5 13. fxe5 Ng4 14. e6 Nc4
15. exd7+ Qxd7 16. Bxg4 Qxg4 17. Qf2 Nxe3 18. Qxe3 Qh5 19. Kb1 Qc5 20. Rhe1 O-O
21. Nb3 Qxe3 22. Rxe3 e6 23. Rd7 b5 24. Ne4 Rc6 25. Na5 Rb6 26. c3 f5 27. Nf2
e5 28. Nd3 e4 29. Nf4 Bh6 30. g3 Re8 31. Re2 g5 32. Nd5 Rbe6 33. Nb3 f4 34.
gxf4 gxf4 35. Rg2+ Rg6 36. Nf6+ Kf8 37. Nxh7+ 1-0

[Event "FIDE World Senior Team Championship 2020"]
[Site "Olympik hotel, Sokolovska 138,"]
[Date "2020.03.09"]
[Round "4.26"]
[White "Buchholz, Ralf"]
[Black "Stevenson, James"]
[Result "1/2-1/2"]
[WhiteElo "1851"]
[BlackElo "2020"]
[PlyCount "87"]
[EventDate "2020.03.06"]
[WhiteTeam "GER9"]
[BlackTeam "SCO2"]

1. c4 e5 2. Nc3 Nf6 3. e4 Bb4 4. d3 O-O 5. Nf3 Re8 6. Be2 c6 7. O-O d5 8. cxd5
cxd5 9. exd5 Nxd5 10. Qb3 Nxc3 11. bxc3 Bd6 12. Ng5 Qc7 13. Ba3 Bxa3 14. Qxa3
Nc6 15. Bf3 Bf5 16. Be4 Bxe4 17. Nxe4 Red8 18. Rfd1 h6 19. Rab1 b6 20. f3 Rd7
21. Nf2 Rad8 22. Qa4 Ne7 23. c4 Nf5 24. Re1 Nd4 25. Rbc1 Ne6 26. Qc2 Nc5 27.
Red1 Rd4 28. Qe2 f6 29. Rd2 Qd7 30. Rcd1 Ne6 31. Qe3 Nc5 32. Qe2 Qa4 33. Qe3
Kh7 34. Ne4 Nxe4 35. fxe4 Qd7 36. Qf3 Rc8 37. Qe2 Rc5 38. h3 Ra5 39. Kh2 Kg8
40. Qh5 Rc5 41. Qe2 Qf7 42. Qg4 Qd7 43. Qe2 Qf7 44. Kg1 1/2-1/2